| 000 | 00624nam a22001937a 4500 | ||
|---|---|---|---|
| 003 | DO-CoUTE | ||
| 005 | 20260414130948.0 | ||
| 008 | 260414b dr ||||| |||| 00| 0 spa d | ||
| 040 |
_aDO-CoUTE _bspa _cDO-CoUTE |
||
| 082 | _2RD 616.856H431R | ||
| 100 | 1 |
_aHernández Polanco, Rafael _eAutor |
|
| 245 | 1 | 0 |
_aFundamentos anestesiología / _cDr. Rafael Hernández Polanco |
| 260 |
_aRepublica Dominicana _bMediabyte S.A _c2002 |
||
| 300 |
_a296 Paginas : _c23cm, |
||
| 504 | _aIncluye referencia bibliográfica e índice. | ||
| 650 | 4 | _amedicina | |
| 700 | 1 |
_aRafael Hernández Polanco _eautor |
|
| 942 |
_2ddc _cBK |
||
| 999 |
_c24102 _d24102 |
||